Football Teams Ernesto Valverde Played For - Statistics

General Stats
  • This quiz has been taken 14 times
  • The average score is 3 of 6
Answer Stats
League Years Team % Correct
Spain 1988-1990 FC Barcelona
91%
Spain 1990-1996 Athletic Club
82%
Spain 1983-1985 Deportivo Alavés
45%
Spain 1986-1988 RCD Espanyol
27%
Spain 1996-1997 RCD Mallorca
27%
Spain 1985-1986 Sestao SC
27%
No matching quizzes found
Score Distribution
Percent of People with Each Score
Percentile by Number Answered
Your Score History
You have not taken this quiz